000 01095cam a22002891i 4500
003 SA-RiAUC
005 20250222123034.0
008 250222s2014____su g 000r0 ara c
020 _a9786038133460
040 _aSA-RiIMS
_bara
_cSA-RiAUC
_erda
082 0 4 _a213
_qSA-RiAUC
090 _a213
_b ا ب ن س
100 1 _aابن سبيل، محمد بن عبد الله،
_d1345-1434 هجري
_eمؤلف.
245 1 0 _aمن منبر المسجد الحرام /
_cتأليف محمد بن عبد الله بن سبيل.
250 _aالطبعة الأولى.
264 1 _aالرياض :
_bمدار الوطن للنشر،
_c2015
300 _a2مجلد ؛
_c24 × 17 سم
336 _aنص
_btxt
_2rdacontent
_3كتاب
337 _aبدون وسيط
_bn
_2rdamedia
338 _aمجلد
_bnc
_2rdacarrier
563 _aتجليد فني شمواه.
610 2 7 _aالمسجد الحرام
_2aucnm
650 7 _aالخطب الدينية الإسلامية
_2aucsh
650 7 _aالوعظ والإرشاد
_2aucsh
942 _2ddc
_cBOOK
_n0
949 _aSA-JeALM
_d250222
_ueid123
_n1
999 _c6154
_d6154